Isu-isu komunikasi massa
| Format: | Book |
|---|---|
| Published: |
Kuala Lumpur :
DBP ,
1994
|
| Subjects: |
MARC
| LEADER | 00000cam a2200000 7i4500 | ||
|---|---|---|---|
| 001 | 0000003280 | ||
| 002 | 000003539 | ||
| 005 | 20080515.0 | ||
| 020 | |a 9836236961 | ||
| 090 | 0 | 0 | |a 302.23 |b ISU |
| 245 | 0 | 0 | |a Isu-isu komunikasi massa |c editor Everette E.Dennis etc-all penterjemah Md.Salleh Kassim |
| 260 | |a Kuala Lumpur : |b DBP , |c 1994 | ||
| 300 | |a 453p. ; |c 24cm. | ||
| 650 | 0 | 0 | |a Mass Media |
| 999 | |a 036847 |b BUKU |c PINJAMAN |e PERPUSTAKAAN KOMUNITI PETALING JAYA | ||